01281nam a2200277Ia 4500003000900000008004100009020001800050040001600068080002500084111014800109245032900257260003700586300001700623650002700640650003000667650001500697650002400712650001900736700003000755700003700785700002600822700002900848942000700877999001700884952010200901IN-BaIIA211028s9999 xx 000 0 eng d a2-86332-194-3 cIIA Library a524.3-52(082.2)bKUN aIAP Astrophysics Meeting on the Interplay Between Massive Star Formation, the ISM and Galaxy Evolutionn11cParis, Franced1995 July 3-8923618 4aThe interplay between massive star formation, the ISM and galaxy evolutionbproceedings of the 11th IAP astrophysics meeting on the interplay between massive star formation, the ISM and galaxy evolution, held in Paris, France, July 3-8, 1995cedited by D. Kunth…[et al.]  aFrancebEditions Frontiersc1996 axxxii, 624p. aGalaxy evolution96225 aInterstellar medium93375 aISM920645 aMassive stars96139 aStar formation aGiderdoni, B., ed.923619 aHeydari-Malayeri, M., ed.920646 aKunth, D., ed.913513 aThuan, Trinh Xuan923620 cBK c13468d13468 00104070aBANbBANcGENd0000-00-00l0o524.3-52(082.2)/ KUNp14387r2021-11-05w0000-00-00yBK